000 00620nam a22002057a 4500
003 0
005 20251107130634.0
008 251107b xxu||||| |||| 00| 0 eng d
020 _a0-671-03402-2
050 _aPS 3557.A7133
_b.G244 2002
100 _aGarwood, Julie,
_eauthor.
245 _aMercy /
_cJulie Garwood.
260 _aNew York, NY :
_bPocket Books,
_c2002.
300 _a454 pages ;
_c18 cm.
650 _aDetective and mystery fiction.
650 _aWomen detectives
_zUnited States
_xFiction.
650 _aPolice
_zUnited States
_xFiction.
650 _aMurder
_xInvestigation
_vFiction.
942 _2lcc
_cBK
999 _c368493
_d368493